000 00938nam a2200277 i 4500
001 000004328
003 DO-SdBNP
005 20250519133307.0
007 ta
008 090721s2015 dr 001 0 spa d
020 _a9789945892345
040 _aDO-SdBNP
_bspa
_cBNPHU
_erda
082 4 _axxx
_bxxx
_222
100 1 _aDomínguez Ureña, José Joaquín,
_eautor
_4aut.
_912760
245 1 0 _aLa verdad en la carídad :
_ba propósito de reflexiones y cánones /
_cJosé Joaquín Domínguez Ureña ; prólogo, José Antonio Esquivel
250 _aPrimera edición
264 1 _aSanto Domingo :
_bEditora Tle-3,
_c2015.
300 _a332 páginas ;
_c22 cm.
336 _atexto
_btxt
_2rdacontent
337 _asin mediación
_bn
_2rdamedia
338 _avolumen
_bnc
_2rdacarrier
590 _aInventariado, 2025/BT
700 _aDomínguez Ureña, José Joaquín,
_eprologuista
_4pr.
_987822
910 _aBtavárez
942 _2ddc
_cLBS1
999 _c52785
_d52785